Statistics for Indiana Pacers: All-Star Selections

Click here to take the quiz!

General Stats

  • This quiz has been taken 25 times
    (8 since last reset)
  • The average score is 9 of 19

Answer Stats

Amount of Selections Player % Correct
5Reggie Miller
100%
4Paul George
100%
1Brad Miller
100%
2Victor Oladipo
88%
6Jermaine O'Neal
75%
2Roy Hibbert
75%
1Danny Granger
63%
1Rik Smits
63%
1Domantas Sabonis
50%
1Dale Davis
50%
1Ron Artest
50%
3George McGinnis
38%
2Billy Knight
13%
1Detlef Schrempf
13%
6Mel Daniels
0%
3Freddie Lewis
0%
4Bob Netolicky
0%
4Roger Brown
0%
2Don Buse
0%

Score Distribution

Percentile by Number Answered

Percent of People with Each Score

Your Score History

You have not taken this quiz since the last reset